Normal view
MARC view
Entry Personal Name
001 - CONTROL NUMBER
- control field: 7321
003 - CONTROL NUMBER IDENTIFIER
- control field: TZ-ArACH
005 - DATE AND TIME OF LATEST TRANSACTION
- control field: 20130109155509.0
008 - FIXED-LENGTH DATA ELEMENTS
- fixed length control field: 130109|||a|||||| | ||| d
040 ## - CATALOGING SOURCE
- Original cataloging agency: TZ-ArACH
- Transcribing agency: TZ-ArACH
100 ## - HEADING--PERSONAL NAME
- Personal name: Sudre, Frédéric.
670 ## - SOURCE DATA FOUND
- Source citation: Work cat.: (TZ-ArACH)2013: Belda, Béatrice. 7315, Droits de l'homme des personnes privées de liberté :, 2010.
670 ## - SOURCE DATA FOUND
- Source citation: Work cat.: (TZ-ArACH)2013: Belda, Béatrice. 7315, Droits de l'homme des personnes privées de liberté :, 2010.
